Figure drawing M. E. (Record no. 273220)

MARC details
000 -LEADER
fixed length control field 00472nam a2200181Ia 4500
008 - FIXED-LENGTH DATA ELEMENTS--GENERAL INFORMATION
fixed length control field 090630s9999 xx 000 0 und d
082 ## - DEWEY DECIMAL CLASSIFICATION NUMBER
Item number 21364
100 ## - MAIN ENTRY--PERSONAL NAME
Personal name Modgekar Shankar.
245 ## - TITLE STATEMENT
Title Figure drawing M. E.
Statement of responsibility, etc Modgekar Shankar.
260 ## - PUBLICATION, DISTRIBUTION, ETC. (IMPRINT)
Name of publisher, distributor, etc Grace Park -Girgaon.
Date of publication, distribution, etc 2000
300 ## - PHYSICAL DESCRIPTION
Extent 61
600 ## - SUBJECT ADDED ENTRY--PERSONAL NAME
Personal name Modgekar Shankar.
630 ## - SUBJECT ADDED ENTRY--UNIFORM TITLE
Uniform title Figure drawing M. E.
655 ## - INDEX TERM--GENRE/FORM
Genre/form data or focus term English.
700 ## - ADDED ENTRY--PERSONAL NAME
Personal name Modgekar Shankar.
730 ## - ADDED ENTRY--UNIFORM TITLE
Uniform title Figure drawing M. E.
942 ## - ADDED ENTRY ELEMENTS (KOHA)
Koha item type Book
Holdings
Withdrawn status Lost status Damaged status Not for loan Home library Current library Date acquired Cost, normal purchase price Total Checkouts Full call number Barcode Date last seen Cost, replacement price Price effective from Koha item type
        Sarvajanik Wachanalaya Shrivardhan Sarvajanik Wachanalaya Shrivardhan 10/04/2002 100.00   21364 SAWASHRI-21364 06/30/2009 100.00 06/30/2009 Book